| 000 | 00720cam a22002411 4500 | ||
|---|---|---|---|
| 001 | gs 64000221 | ||
| 003 | DLC | ||
| 005 | 20260227111414.0 | ||
| 008 | 780805s1964 dcu b f000 0 eng | ||
| 010 | _ags 64000221 | ||
| 035 | _a(OCoLC)4112655 | ||
| 040 |
_aDLC _cOClU _dOCoLC _dDLC |
||
| 042 | _apremarc | ||
| 050 | 0 | 0 |
_aQE75 _b.B9 no. 1174 |
| 100 | 1 |
_aZen, E-an, _d1928- |
|
| 245 | 1 | 0 |
_aTaconic stratigraphic names: _bdefinitions and synonymies. |
| 260 |
_aWashington, _bU.S. Govt. Print. Off., _c1964. |
||
| 300 |
_aiv, 95 p. _bmap. _c24 cm. |
||
| 410 | 2 | 0 |
_aGeological Survey (U.S.). _tBulletin, _v1174 |
| 504 | _aBibliography: p. 89-94. | ||
| 650 | 0 |
_aGeology _xNomenclature |
|
| 650 | 0 |
_aGeology _zTaconic Range. |
|
| 999 |
_c29845 _d29845 |
||